Music Quiz

Random Music or Song Quiz
Score 0/23 Timer 10:00
0 Plays Today
Artist Song % Correct
Usher ft. Lil Jon and LudacrisYeah
92.1%
OutKastHey Ya
89.5%
Kanye West ft. Jamie FoxxGold Digger
89.5%
Beyonce ft. Jay-ZCrazy In Love
86.8%
Mariah CareyWe Belong Together
86.8%
Snoop Dogg ft. PharrellDrop It Like It's Hot
84.2%
50 Cent ft. OliviaCandy Shop
84.2%
Ciara ft. Petey PabloGoodies
78.9%
EminemLose Yourself
76.3%
UsherBurn
76.3%
50 CentIn Da Club
73.7%
Beyonce ft. Sean PaulBaby Boy
73.7%
Artist Song % Correct
Usher and Alicia KeysMy Boo
73.7%
MarioLet Me Love You
73.7%
Chris Brown ft. Juelz SantanaRun It
73.7%
The Terror SquadLean Back
68.4%
Sean PaulGet Busy
65.8%
50 Cent ft. Nate Dogg21 Questions
65.8%
Nelly,P.Diddy and Murphy LeeShake Ya Tailfeather
65.8%
Jennifer Lopez ft. LL Cool JAll I Have
60.5%
Mariah CareyShake It Off
57.9%
Mariah CareyDon't Forget About Us
57.9%
UsherConfessions Part II
50%
Remove Ads.
Support Sporcle.
Get the best of Sporcle when you Go Orange. This ad-free experience offers more features, more stats, and more fun while also helping to support Sporcle. Thank you for becoming a member.

You're not logged in!

Compare scores with friends on all Sporcle quizzes.
OR
Log In

Show Comments

Extras

Top Quizzes Today


Score Distribution

Your Account Isn't Verified!

In order to create a playlist on Sporcle, you need to verify the email address you used during registration. Go to your Sporcle Settings to finish the process.

Report this User

Report this user for behavior that violates our Community Guidelines.

Details: